<?xml version="1.0" encoding="UTF-8"?><?xml-stylesheet type="text/xsl" href="static/style.xsl"?><OAI-PMH xmlns="http://www.openarchives.org/OAI/2.0/" xmlns:xsi="http://www.w3.org/2001/XMLSchema-instance" xsi:schemaLocation="http://www.openarchives.org/OAI/2.0/ http://www.openarchives.org/OAI/2.0/OAI-PMH.xsd"><responseDate>2026-06-01T11:56:06Z</responseDate><request verb="GetRecord" identifier="oai:riuma.uma.es:10630/41013" metadataPrefix="marc">https://riuma.uma.es/rest/oai/request</request><GetRecord><record><header><identifier>oai:riuma.uma.es:10630/41013</identifier><datestamp>2026-02-03T11:25:32Z</datestamp><setSpec>com_10630_2254</setSpec><setSpec>col_10630_37953</setSpec></header><metadata><record xmlns="http://www.loc.gov/MARC21/slim" xmlns:dcterms="http://purl.org/dc/terms/" xmlns:doc="http://www.lyncode.com/xoai" xmlns:xsi="http://www.w3.org/2001/XMLSchema-instance" xsi:schemaLocation="http://www.loc.gov/MARC21/slim http://www.loc.gov/standards/marcxml/schema/MARC21slim.xsd">
   <leader>00925njm 22002777a 4500</leader>
   <datafield ind2=" " ind1=" " tag="042">
      <subfield code="a">dc</subfield>
   </datafield>
   <datafield ind2=" " ind1=" " tag="720">
      <subfield code="a">Chaparro-Escudero, Manuel Miguel</subfield>
      <subfield code="e">author</subfield>
   </datafield>
   <datafield ind2=" " ind1=" " tag="720">
      <subfield code="a">Espinar Medina, Lara Maria</subfield>
      <subfield code="e">author</subfield>
   </datafield>
   <datafield ind2=" " ind1=" " tag="720">
      <subfield code="a">López Gómez, Sara</subfield>
      <subfield code="e">author</subfield>
   </datafield>
   <datafield ind2=" " ind1=" " tag="260">
      <subfield code="c">2022-07-06</subfield>
   </datafield>
   <datafield ind2=" " ind1=" " tag="520">
      <subfield code="a">El Proyecto de Ley General de la Comunicación Audiovisual (PLCA) enviado al Congreso de los Diputados el 1 de diciembre de 2021, tiene como propósito transponer al ordenamiento jurídico español la Directiva de Servicios de Comunicación Audiovisual (UE) 2018/1808 sobre la coordinación de disposiciones legales y administrativas relativas a la prestación de servicios de comunicación audiovisual. Este ensayo hace un análisis detallado del PLCA a partir de alegaciones presentadas por asociaciones y entidades representativas del sector durante el período de consulta pública. El análisis de las cuestiones más importantes denota que el texto es susceptible de mejoras en áreas relacionadas con: operatividad, gestión y propiedad de prestadores; contenidos, derechos de la ciudadanía y códigos éticos; medios del Tercer Sector; autoridades audiovisuales; alfabetización mediática; indicadores y publicidad. También en lo relativo a la financiación de la Radio Televisión Pública y los contenidos difundidos por influencers.</subfield>
   </datafield>
   <datafield ind1="8" ind2=" " tag="024">
      <subfield code="a">(Chaparro-Escudero, Espinar-Medina y López-Gómez, 2022)</subfield>
   </datafield>
   <datafield ind1="8" ind2=" " tag="024">
      <subfield code="a">https://hdl.handle.net/10630/41013</subfield>
   </datafield>
   <datafield ind1="8" ind2=" " tag="024">
      <subfield code="a">10.15304/ricd.4.16.8495</subfield>
   </datafield>
   <datafield tag="653" ind2=" " ind1=" ">
      <subfield code="a">Comunicación audiovisual - Derecho y legislación</subfield>
   </datafield>
   <datafield tag="653" ind2=" " ind1=" ">
      <subfield code="a">Alfabetización digital</subfield>
   </datafield>
   <datafield ind2="0" ind1="0" tag="245">
      <subfield code="a">La reforma de la Ley General de la Comunicación Audiovisual Española 7/2010 y las recomendaciones de la Directiva Europea 2018/1808. Análisis crítico desde propuestas participativas</subfield>
   </datafield>
</record>
</metadata></record></GetRecord></OAI-PMH>